Modern political systems: Europe
Wedi'i Gadw mewn:
| Prif Awduron: | , |
|---|---|
| Fformat: | Llyfr |
| Iaith: | Saesneg |
| Cyhoeddwyd: |
Englewood Cliffs
Prentice-Hall
1963
|
| Pynciau: | |
| Tagiau: |
Ychwanegu Tag
Dim Tagiau, Byddwch y cyntaf i dagio'r cofnod hwn!
|
MARC
| LEADER | 00000nam a2200000 a 4500 | ||
|---|---|---|---|
| 001 | UCT6379 | ||
| 003 | CL-VaPUC | ||
| 008 | 970106e19630000us |||||||||||||||||eng|d | ||
| 082 | 0 | 4 | |a 321 |b MAC |2 21 |
| 100 | |a Macridis, Roy C. |e autor |9 453066 | ||
| 700 | 0 | |a Ward, Robert E |e author |9 376515 | |
| 245 | 1 | 0 | |a Modern political systems: Europe |
| 300 | |a 575 p | ||
| 942 | |c BK | ||
| 945 | |d 19970106 00:00:00 |a lriquelm | ||
| 260 | |a Englewood Cliffs |b Prentice-Hall |c 1963 | ||
| 650 | 7 | |a SISTEMAS POLITICOS |2 CL-VaPUC |9 376516 | |
| 650 | 0 | |a Partidos políticos |9 254999 | |
| 650 | 0 | |a Gobierno |9 255508 | |
| 650 | 0 | |a Política cultural |9 316492 | |
| 650 | 7 | |a ESTRUCTURA SOCIAL |2 CL-VaPUC |9 376517 | |
| 650 | 7 | |a ORGANIZACIONES GUBERNAMENTALES |2 CL-VaPUC |9 338629 | |
| 651 | 0 | |a Europa |9 255156 | |
| 583 | |a last modification |c 20150428 12:29:00 |k Rodrigo Vera | ||
| 999 | |c 255091 |d 255089 | ||
| 952 | |0 0 |1 0 |4 0 |6 321_000000000000000_MAC_1963 |7 0 |8 A |9 277172 |a BIBDER |b BIBDER |d 2019-11-19 |i 1798987 |o 321 MAC 1963 |p 1798987 |r 2023-01-25 |w 2019-11-19 |y BK |k DER | ||